[Event "It (open) \"]
[Site "masterchessopen.com Salonika (Greece)"]
[Date "2002.12.26"]
[Round "5"]
[White "Tsarouhas Vasilios (GRE)"]
[Black "Konstantinidis Mihalis (GRE)"]
[Result "1-0"]
[WhiteElo "2201"]
[BlackElo "1924"]

1.d4 Nf6 2.c4 e6 3.Nc3 Bb4 4.e3 b6 5.Ne2 Bb7 6.a3 Be7 7.Ng3 d6 8.e4 a6 9.Bd3
Nbd7 10.Qe2 c5 11.d5 Ne5 12.Bc2 Qc7 13.O-O h5 14.f4 Ned7 15.e5 dxe5 16.dxe6
fxe6 17.Bg6+ Kd8 18.f5 Qc6 19.Bg5 h4 20.Nge4 Nxe4 21.Bxe7+ Kxe7 22.fxe6 Nxc3
23.Rf7+ Kxe6 24.Qg4+ Kd6 25.Be4 Ne2+ 26.Kh1 Nf6 27.Rxf6+ gxf6 28.Bxc6 Bxc6
29.Qxe2 h3 30.Rd1+ Kc7 31.Rd5 b5 32.Rxc5 hxg2+ 33.Qxg2 bxc4 34.Qxc6+ {#r} 1-0

[Event "Cup Nord-West"]
[Site "masterchessopen.com Bad Zwischenahn (Germany)"]
[Round "6"]
[White "Hilmer Frank (GER)"]
[Black "Hobuss Udo (GER)"]
[Result "0-1"]
[WhiteElo "2179"]
[BlackElo "2413"]

1.d4 Nf6 2.c4 e6 3.Nc3 Bb4 4.e3 b6 5.Ne2 Ne4 6.Bd2 Nxd2 7.Qxd2 Bb7 8.a3 Be7
9.d5 a5 10.b3 Na6 11.g3 O-O 12.Bg2 Qb8 13.O-O c6 14.Rfd1 cxd5 15.cxd5 Nc5
16.Rab1 Rc8 17.b4 axb4 18.axb4 Na4 19.d6 Nxc3 20.Nxc3 Bf6 21.Ne4 Bd8 22.g4 Bd5
23.Nc3 Bxg2 24.Kxg2 Qb7+ 25.Kg3 Rc4 26.b5 Rxg4+ 27.Kxg4 Qg2+ 28.Kf4 Bg5+
29.Ke5 Bf6+ 30.Kf4 g5# 0-1

[Event "Cup Kings (cat.8)"]
[Site "masterchessopen.com Bucharest (Romania)"]
[Round "4"]
[White "Dumitrache Dragos-Nicolae (ROM)"]
[Black "Cioara Andrei Nestor (ROM)"]
[Result "1-0"]
[WhiteElo "2467"]
[BlackElo "2387"]

1.d4 Nf6 2.c4 e6 3.Nc3 Bb4 4.e3 b6 5.Ne2 Bb7 6.a3 Be7 7.d5 O-O 8.Ng3 Re8 9.Be2
Bf8 10.O-O d6 11.e4 Nbd7 12.Be3 c6 13.dxe6 fxe6 14.f4 Qe7 15.Qc2 Qf7 16.Rad1
Rad8 17.Kh1 Kh8 18.Rd2 e5 19.f5 d5 20.cxd5 cxd5 21.exd5 Nxd5 22.Nxd5 Bxd5
23.Bh5 Qg8 24.Bxe8 Rxe8 25.Qa4 Nf6 26.Nh5 Re7 27.Bg5 Ne4 28.Bxe7 Nxd2 29.Bxf8
Qxf8 30.Re1 Nf3 31.Rc1 Qxf5 32.Ng3 Qf8 33.Qd7 Bg8 34.Rc8 {#r} 1-0

[Event "Cup Kings (cat.8)"]
[Site "masterchessopen.com Bucharest (Romania)"]
[Round "11"]
[White "Manolache Marius (ROM)"]
[Black "Cioara Andrei Nestor (ROM)"]
[Result "1-0"]
[WhiteElo "2463"]
[BlackElo "2387"]

1.d4 Nf6 2.c4 e6 3.Nc3 Bb4 4.e3 b6 5.Ne2 Bb7 6.a3 Be7 7.d5 O-O 8.Ng3 Re8 9.Be2
Bf8 10.O-O d6 11.f4 c6 12.dxe6 fxe6 13.e4 Nbd7 14.Kh1 Qe7 15.Bf3 Qf7 16.b3 Kh8
17.e5 dxe5 18.fxe5 Nxe5 19.Bh5 Nxh5 20.Rxf7 Nxg3+ 21.hxg3 Nxf7 22.Ne4 c5
23.Qe2 Rad8 24.Bb2 Nh6 25.Re1 Nf5 26.Be5 Nd4 27.Qh5 Bxe4 28.Rxe4 Kg8 29.Rh4 h6
30.Rf4 Nc6 31.Bc7 Rc8 32.Qf7+ Kh8 33.Qd7 Nd4 34.Be5 Nf5 35.g4 Rcd8 36.Qxa7 Re7
37.Qxb6 {#r} 1-0

[Event "It (open) \"]
[Site "masterchessopen.com Copenhagen (Denmark)"]
[Round "5"]
[White "Carstensen Jacob (DEN)"]
[Black "Jensen Stig Gorm (DEN)"]
[Result "1-0"]
[WhiteElo "2311"]
[BlackElo "2066"]

1.d4 Nf6 2.c4 e6 3.Nc3 Bb4 4.e3 b6 5.Ne2 Ne4 6.Bd2 Nxd2 7.Qxd2 O-O 8.a3 Be7
9.e4 d6 10.f4 f5 11.exf5 exf5 12.g3 Bb7 13.d5 Bf6 14.Nd4 Re8+ 15.Kf2 Bxd4+
16.Qxd4 Bc8 17.Bd3 Bd7 18.Rae1 a5 19.Nb5 Na6 20.Qc3 g6 21.Rxe8+ Qxe8 22.Nd4 a4
23.h4 Qf7 24.h5 Qf6 25.hxg6 hxg6 26.Nxf5 Qxc3 27.Ne7+ Kg7 28.bxc3 Nc5 29.Bxg6
Kf6 30.Rh7 {#r} 1-0

[Event "It (open) \"]
[Site "masterchessopen.com Copenhagen (Denmark)"]
[Round "10"]
[White "Malmberg Mio (SWE)"]
[Black "Christensen Stefan (DEN)"]
[Result "0-1"]
[WhiteElo "2103"]
[BlackElo "2244"]

1.d4 Nf6 2.c4 e6 3.Nc3 Bb4 4.e3 b6 5.Ne2 Ne4 6.f3 Nxc3 7.bxc3 Be7 8.Ng3 h5
9.Bd3 h4 10.Nf1 Nc6 11.e4 e5 12.Be3 exd4 13.cxd4 Bb4+ 14.Nd2 Bc3 15.d5 Nb4
16.Ke2 Nxd3 17.Kxd3 Bxa1 18.Qxa1 Kf8 19.Bd4 Rg8 20.f4 Qe7 21.Nf3 Ba6 22.a4 c6
23.Re1 Rc8 24.Ne5 Qd6 25.Kd2 cxd5 26.exd5 f6 27.Ng6+ Kf7 28.Re7+ Kxg6 29.f5+
Kh7 30.Qd1 Qf4+ 31.Be3 Qxf5 32.g4 Qg6 33.Qe1 Rge8 34.d6 Bxc4 35.Qxh4+ Kg8 {#R}
0-1

[Event "Ch Netherlands (open)"]
[Site "masterchessopen.com Dieren (Netherlands)"]
[Round "4"]
[White "Dambacher Martijn (NED)"]
[Black "Smeets Jan (NED)"]
[Result "0-1"]
[WhiteElo "2407"]
[BlackElo "2515"]

1.d4 Nf6 2.c4 e6 3.Nc3 Bb4 4.e3 b6 5.Ne2 Bb7 6.a3 Be7 7.Ng3 d5 8.cxd5 Nxd5
9.Nxd5 Qxd5 10.e4 Qd7 11.Be3 O-O 12.Bc4 Kh8 13.Qd2 f5 14.exf5 exf5 15.f3 Nc6
16.Ne2 Na5 17.Ba2 Bd5 18.b4 Nc4 19.Bxc4 Bxc4 20.O-O a5 21.Rab1 axb4 22.axb4
Ra2 23.Rb2 Rxb2 24.Qxb2 Ra8 {#R} 0-1

[Event "Ch England (team) 2002/03"]
[Site "masterchessopen.com England"]
[Round "9"]
[White "Levitt Jonathan (ENG)"]
[Black "Broomfield Matthew (ENG)"]
[Result "1-0"]
[WhiteElo "2441"]
[BlackElo "2288"]

1.d4 Nf6 2.c4 e6 3.Nc3 Bb4 4.e3 b6 5.Ne2 Ne4 6.f3 Nxc3 7.bxc3 Be7 8.Ng3 d5
9.cxd5 exd5 10.Bd3 O-O 11.O-O c5 12.e4 cxd4 13.cxd4 Nc6 14.Bb2 Nb4 15.Bb5 a6
16.Ba4 b5 17.Bb3 Be6 18.a3 Nc6 19.f4 f5 20.Nxf5 Rxf5 21.exf5 Bxf5 22.Qf3 Be6
23.Rac1 Rc8 24.Rfe1 Bf7 25.Rc2 h5 26.Rec1 Qd7 27.Qh3 {#r} 1-0

[Event "It (open)"]
[Site "masterchessopen.com Etang Sale (France)"]
[Round "7"]
[White "Lefebvre Herve (FRA)"]
[Black "Caron Jean-Marie (FRA)"]
[Result "1-0"]
[WhiteElo "2222"]
[BlackElo "1879"]

1.d4 Nf6 2.c4 e6 3.Nc3 Bb4 4.e3 b6 5.Ne2 Bb7 6.a3 Be7 7.Nf4 O-O 8.Be2 d6 9.O-O
Nbd7 10.d5 e5 11.Nd3 e4 12.Nf4 Re8 13.b4 Bf8 14.Qc2 g6 15.Bb2 Bg7 16.Rfd1 Qe7
17.Nb5 Qd8 18.Rac1 a6 19.Nd4 Ne5 20.c5 Rc8 21.c6 Ba8 22.Bxa6 Rb8 23.Be2 g5
24.Nh3 Nxd5 25.Nf5 Nd3 26.Nxg7 Nxc1 27.Qxc1 Re5 28.Bxe5 dxe5 29.Nh5 g4 30.Bxg4
Qd6 31.Rxd5 Qg6 {#r} 1-0

[Event "It (open)"]
[Site "masterchessopen.com Ikaria (Greece)"]
[Round "8"]
[White "Hellsten Johan (SWE)"]
[Black "Milosevic Goran (SUI)"]
[Result "1-0"]
[WhiteElo "2564"]
[BlackElo "2386"]

1.d4 Nf6 2.c4 e6 3.Nc3 Bb4 4.e3 b6 5.Ne2 Bb7 6.a3 Be7 7.Nf4 O-O 8.Be2 Bd6
9.O-O Bxf4 10.exf4 d5 11.b3 Nc6 12.Be3 dxc4 13.bxc4 Na5 14.Qc2 Ba6 15.Qa2 c6
16.a4 Ne8 17.Ne4 Nf6 18.Ng5 h6 19.Nf3 Ne4 20.Bd3 Nd6 21.Rac1 Rc8 22.Rfd1 Qf6
23.Ne5 Rfd8 24.Bd2 Ndb7 25.Bb1 g6 26.Bc3 Qxf4 27.g3 Qg5 28.h4 Qe7 29.Ba1 h5
30.Re1 Nd6 31.c5 Nf5 32.Nxg6 fxg6 33.Rxe6 Bc4 34.Rxe7 Bxa2 35.Bxa2+ Rd5
36.Rxa7 {#r} 1-0

[Event "Tournament"]
[Site "masterchessopen.com Kuopio (Finland)"]
[Round "3"]
[White "Mertanen Janne (FIN)"]
[Black "Lahti Jouko (FIN)"]
[Result "1-0"]
[WhiteElo "2290"]
[BlackElo "2025"]

1.d4 Nf6 2.c4 e6 3.Nc3 Bb4 4.e3 b6 5.Ne2 Bb7 6.a3 Be7 7.d5 O-O 8.g3 e5 9.Bg2
d6 10.O-O g6 11.f4 exf4 12.exf4 Bc8 13.Nd4 Ne8 14.Ne4 Ng7 15.b3 f6 16.Bb2 Nf5
17.Re1 a5 18.Bc3 Bd7 19.Ra2 Qc8 20.Rae2 Nxd4 21.Qxd4 c5 22.dxc6 Nxc6 23.Qd5+
Kg7 24.Ng5 Bd8 25.Ne6+ {#r} 1-0

[Event "Memorial Narciso Yepes (open)"]
[Site "masterchessopen.com Lorca (Spain)"]
[Round "5"]
[White "Moreno Alejandro (ESP)"]
[Black "Sanchez Jerez Emilio (ESP)"]
[Result "1-0"]
[WhiteElo "2417"]
[BlackElo "1984"]

1.d4 Nf6 2.c4 e6 3.Nc3 Bb4 4.e3 b6 5.Ne2 Bb7 6.a3 Be7 7.d5 a5 8.g3 Na6 9.Bg2
Nc5 10.b3 e5 11.O-O O-O 12.Rb1 Ng4 13.h3 Nh6 14.b4 axb4 15.axb4 Na6 16.d6 Bxg2
17.dxe7 Qxe7 18.Kxg2 Nxb4 19.e4 {#r} 1-0

[Event "Ch Poland (team) (extraleague)"]
[Site "masterchessopen.com Lubniewice (Poland)"]
[Round "5"]
[White "Socko Monika (POL)"]
[Black "Erenska-Barlo Hanna (POL)"]
[Result "1-0"]
[WhiteElo "2439"]
[BlackElo "2226"]

1.d4 Nf6 2.c4 e6 3.Nc3 Bb4 4.e3 b6 5.Ne2 Bb7 6.a3 Be7 7.d5 e5 8.g3 O-O 9.Bg2
Ne8 10.O-O Nd6 11.b3 a5 12.e4 Na6 13.f4 Bf6 14.Rb1 Rb8 15.Be3 Re8 16.Qd2 Qe7
17.f5 h6 18.h4 Kh7 19.Nc1 Nc8 20.Nd3 c6 21.Nf2 Qxa3 22.Ng4 Nc5 23.Bxh6 Nxb3
24.Qd1 Be7 25.Rxb3 Qd6 26.Bg5 Bxg5 27.hxg5 Qc5+ 28.Rf2 Nd6 29.Nf6+ gxf6
30.Qh5+ Kg8 31.gxf6 Nxf5 32.exf5 Qf8 33.Ne4 {#r} 1-0

[Event "Ch Czech Republic (juniors) (under 20)"]
[Site "masterchessopen.com Luhacovice (Czech Republic)"]
[Round "4"]
[White "Galicek Stanislav (CZE)"]
[Black "Bernasek Jan (CZE)"]
[Result "0-1"]
[WhiteElo "2157"]
[BlackElo "2384"]

1.d4 Nf6 2.c4 e6 3.Nc3 Bb4 4.e3 b6 5.Ne2 Bb7 6.a3 Be7 7.d5 O-O 8.Ng3 b5 9.dxe6
fxe6 10.cxb5 a6 11.f3 h5 12.bxa6 Nxa6 13.Bxa6 Rxa6 14.O-O h4 15.Nh1 Bc5 16.Nf2
Qe8 17.Bd2 Qg6 18.Qb1 Qh6 19.Qc1 Rd6 20.b4 Bb6 21.Na4 Rxd2 22.Qxd2 Bxe3 23.Qe2
h3 24.Rfe1 Ng4 {#R} 0-1

[Event "It (open)"]
[Site "masterchessopen.com Mariupol (Ukraine)"]
[Round "2"]
[White "Iljin Timofey (UKR)"]
[Black "Boginin Oleg (UKR)"]
[Result "0-1"]
[WhiteElo "2311"]
[BlackElo "2358"]

1.d4 Nf6 2.c4 e6 3.Nc3 Bb4 4.e3 b6 5.Ne2 Bb7 6.a3 Be7 7.Nf4 d6 8.d5 e5 9.Nd3
c6 10.e4 O-O 11.Be2 b5 12.dxc6 Nxc6 13.cxb5 Nd4 14.f3 d5 15.exd5 Nxd5 16.O-O
Qb6 17.Kh1 Nxc3 18.bxc3 Nxe2 19.Qxe2 Qxb5 20.Nf4 Qxe2 21.Nxe2 Bc5 22.Ng3 Rfd8
23.c4 Bd4 24.Rb1 Ba6 25.Rb4 Rac8 26.h3 Bc3 27.Ra4 Bxc4 28.Rg1 Bd4 29.Nf5 Bxg1
30.Ne7+ Kf8 31.Nxc8 Rxc8 {#R} 0-1

[Event "It (young masters) \"]
[Site "masterchessopen.com Millfield School (England)"]
[Round "3"]
[White "Addison Bret (ENG)"]
[Black "Buckley Simon T (ENG)"]
[Result "0-1"]
[WhiteElo "2241"]
[BlackElo "2332"]

1.d4 Nf6 2.c4 e6 3.Nc3 Bb4 4.e3 b6 5.Ne2 Ne4 6.Bd2 Nxd2 7.Qxd2 O-O 8.a3 Be7
9.g3 c6 10.d5 d6 11.Bg2 cxd5 12.cxd5 e5 13.f4 Nd7 14.b4 Re8 15.O-O a6 16.a4 a5
17.Nb5 axb4 18.Qxb4 Ba6 19.Nec3 exf4 20.exf4 Nc5 21.Rfd1 Bf6 22.Rab1 Bxb5
23.axb5 Re3 24.Ne4 Rxe4 25.Bxe4 Ra4 26.Bxh7+ Kxh7 27.Qe1 Bd4+ 28.Kg2 Qa8
29.Qe7 Qxd5+ 30.Kh3 Qf5+ 31.Kg2 Ra2+ 32.Kf3 Qh5+ {#R} 0-1

[Event "Ch Chess Club"]
[Site "masterchessopen.com St. Petersburg (Russia)"]
[Round "2"]
[White "Serov Maksim (RUS)"]
[Black "Melnikov Nikolay (RUS)"]
[Result "1-0"]
[WhiteElo "2171"]
[BlackElo "1847"]

1.d4 Nf6 2.c4 e6 3.Nc3 Bb4 4.e3 b6 5.Ne2 Bb7 6.a3 Be7 7.Nf4 d5 8.cxd5 exd5
9.Bd3 O-O 10.O-O Nbd7 11.Qf3 c6 12.b4 Bd6 13.b5 Bxf4 14.Qxf4 c5 15.Bb2 Re8
16.Rad1 c4 17.Bb1 Nf8 18.Rfe1 Rc8 19.f3 Ng6 20.Qf5 Rc7 21.e4 dxe4 22.fxe4 Bc8
23.Qf1 h6 24.Bc1 Bb7 25.a4 Nh7 26.e5 Ng5 27.Bxg6 fxg6 28.d5 Rf8 29.Qe2 Rf5
30.e6 {#r} 1-0

[Event "It (open)"]
[Site "masterchessopen.com Szombathely (Hungary)"]
[Round "3"]
[White "Leviczki Tibor (HUN)"]
[Black "Takacs Gergo (HUN)"]
[Result "1-0"]
[WhiteElo "2303"]
[BlackElo "2050"]

1.d4 Nf6 2.c4 e6 3.Nc3 Bb4 4.e3 b6 5.Ne2 Bb7 6.a3 Bxc3+ 7.Nxc3 O-O 8.d5 Na6
9.Be2 exd5 10.cxd5 Nc5 11.O-O Nfe4 12.Nxe4 Nxe4 13.f3 Nc5 14.b4 Na6 15.Bb2 c5
16.e4 d6 17.Qd2 Qd7 18.f4 Nc7 19.bxc5 bxc5 20.Rf3 f6 21.Rg3 Qe7 22.Bf3 g6
23.f5 g5 24.h4 h6 25.hxg5 fxg5 26.Qc3 Qh7 27.a4 Ne8 28.Re1 Nf6 29.e5 dxe5
30.Rxe5 Rae8 31.Re6 Rxe6 32.dxe6 Bxf3 33.Rxf3 g4 34.Rf4 h5 35.Qxc5 Qh6 36.Qd4
Nd5 37.Qxd5 Qxf4 38.e7+ {#r} 1-0

[Event "Ch de la Loire (Top20)"]
[Site "masterchessopen.com France"]
[Date "2003.03.22"]
[Round "7"]
[White "Etlicher Dominique (FRA)"]
[Black "Valentin Alain"]
[Result "1-0"]
[WhiteElo "2004"]
[BlackElo "1740"]

1.d4 Nf6 2.c4 e6 3.Nc3 Bb4 4.e3 b6 5.Ne2 Bb7 6.a3 Be7 7.Nf4 d6 8.d5 e5 9.Nh5
Nxh5 10.Qxh5 Nd7 11.Bd3 c6 12.e4 O-O 13.Nd1 Nf6 14.Qe2 Ne8 15.g4 Bg5 16.Bxg5
Qxg5 17.h4 Qf4 18.Ne3 g6 19.g5 c5 20.Ng2 {#r} 1-0

[Event "Tournament (KO-system)"]
[Site "masterchessopen.com Spain"]
[Round "0"]
[White "Garza Marco Sergio (ESP)"]
[Black "Remiro Juste Fernando J (ESP)"]
[Result "1-0"]
[WhiteElo "2372"]
[BlackElo "2295"]

1.d4 Nf6 2.c4 e6 3.Nc3 Bb4 4.e3 b6 5.Ne2 O-O 6.a3 Be7 7.Ng3 Bb7 8.e4 d6 9.Be2
c5 10.d5 e5 11.Nf5 a6 12.a4 Ne8 13.h4 Bc8 14.Ra3 Kh8 15.Qd3 Ra7 16.Qg3 Nd7
17.Bd3 Ndf6 18.Bc2 Rb7 19.h5 Bxf5 20.exf5 Nc7 21.h6 g6 22.Rb3 b5 23.axb5 axb5
24.Nxb5 Nxb5 25.cxb5 Qa5+ 26.Bd2 Qa1+ 27.Bd1 c4 28.Rb4 Nxd5 29.Rxc4 Rxb5 30.b3
Qb2 31.Bc1 Qb1 32.O-O Qxf5 33.Bc2 Qf6 34.Bb2 Rb4 35.f4 Rxc4 36.bxc4 Nxf4 {#r}
1-0

[Event "Ch France (team) 2004"]
[Site "masterchessopen.com France"]
[Date "2004.01.30"]
[Round "1"]
[White "Templier Nicolas (FRA)"]
[Black "Vallet Marc (FRA)"]
[Result "0-1"]
[WhiteElo "2299"]
[BlackElo "2222"]

1.d4 Nf6 2.c4 e6 3.Nc3 Bb4 4.e3 b6 5.Ne2 Ne4 6.Qc2 Bb7 7.a3 Bxc3+ 8.Nxc3 f5
9.d5 Nxc3 10.Qxc3 Qe7 11.dxe6 dxe6 12.b3 Nd7 13.Bb2 O-O-O 14.O-O-O Nc5 15.Bd3
Bxg2 16.Rhg1 Bf3 17.Rd2 Qd6 18.Bc2 Qxh2 19.Qxg7 Rxd2 20.Be5 Rxc2+ 21.Kb1 Qxg1+
22.Qxg1 Be4 {#R} 0-1

[Event "It (open)"]
[Site "masterchessopen.com Coventry (England)"]
[Round "2"]
[White "Buckley David (ENG)"]
[Black "Crouch Colin S (ENG)"]
[Result "0-1"]
[WhiteElo "2223"]
[BlackElo "2374"]

1.d4 Nf6 2.c4 e6 3.Nc3 Bb4 4.e3 b6 5.Ne2 Ne4 6.Qc2 Bb7 7.a3 Bxc3+ 8.Nxc3 Nxc3
9.Qxc3 O-O 10.b3 d6 11.Bb2 Nd7 12.d5 e5 13.Bd3 c6 14.dxc6 Bxc6 15.O-O Qg5
16.g3 Bf3 17.Rfe1 f5 18.Bf1 Rf6 19.Bg2 Bxg2 20.Kxg2 Raf8 21.f4 Qh5 22.Qc2 Rh6
23.Kg1 Nf6 24.Rad1 Ng4 25.Re2 Re8 26.fxe5 dxe5 27.Rd7 Nf6 28.Rxa7 Ne4 29.c5
Ng5 30.cxb6 Qf3 31.h4 Qxg3+ 32.Kf1 Nf3 33.Rxg7+ Qxg7 34.Rg2 Rg6 35.h5 Ne1
36.Bc3 Nd3 37.Ba5 Rb8 {#R} 0-1

[Event "Ch Norway (open)"]
[Site "masterchessopen.com Oslo (Norway)"]
[Date "2004.04.04"]
[Round "2"]
[White "Revil Bjorn (NOR)"]
[Black "Ekeberg Carl Fredrik (NOR)"]
[Result "1-0"]
[WhiteElo "2046"]
[BlackElo "2298"]

1.d4 Nf6 2.c4 e6 3.Nc3 Bb4 4.e3 b6 5.Ne2 Bb7 6.a3 Be7 7.Nf4 d5 8.cxd5 exd5
9.Bd3 O-O 10.b4 c6 11.Bb2 Re8 12.O-O Nbd7 13.Rc1 Bd6 14.Nh5 Nxh5 15.Qxh5 Nf6
16.Qh4 Be7 17.Qg3 Bd6 18.Qh4 Qe7 19.Ne2 b5 20.Ng3 g6 21.Qg5 Kh8 22.Rfe1 Nd7
23.Qh6 Qf6 24.Nh5 Bf8 25.Nxf6 Bxh6 26.Nxd7 Re7 27.Ne5 Rc8 28.Rc2 f6 29.Nf3
Rce8 30.Rce2 Bc8 31.e4 dxe4 32.Rxe4 Rxe4 33.Rxe4 Rxe4 34.Bxe4 Bd7 35.d5 {#r}
1-0

[Event "Cup Croatia (team)"]
[Site "masterchessopen.com Rabac (Croatia)"]
[Round "2"]
[White "Glavas Dragan (CRO)"]
[Black "Siljan Milorad (CRO)"]
[Result "1-0"]
[WhiteElo "2316"]
[BlackElo "2108"]

1.d4 Nf6 2.c4 e6 3.Nc3 Bb4 4.e3 b6 5.Ne2 Ne4 6.Bd2 Nxd2 7.Qxd2 Bb7 8.a3 Be7
9.d5 O-O 10.Nd4 c6 11.Be2 Na6 12.Bf3 Qe8 13.O-O g6 14.b4 e5 15.Nb3 f5 16.d6
Bf6 17.c5 Qf7 18.Rab1 e4 19.Be2 b5 20.Na5 Bc8 21.Bd1 Bxc3 22.Qxc3 Qg7 23.Bb3+
Kh8 24.Qxg7+ Kxg7 25.f3 exf3 26.gxf3 Rb8 27.e4 f4 28.Rbe1 Bb7 29.e5 Ba8 30.e6
Rbe8 31.exd7 Rd8 32.Re7+ Kf6 33.Rfe1 Nb8 34.h4 {#r} 1-0

[Event "Tournament (Elo)"]
[Site "masterchessopen.com Kimry (Russia)"]
[Date "2004.05.06"]
[Round "6"]
[White "Makhnev Vladimir (RUS)"]
[Black "Volkov Nikita (RUS)"]
[Result "1-0"]
[WhiteElo "2273"]
[BlackElo "2065"]

1.d4 Nf6 2.c4 e6 3.Nc3 Bb4 4.e3 b6 5.Ne2 Bb7 6.a3 Bxc3+ 7.Nxc3 d6 8.Bd3 O-O
9.e4 e5 10.d5 h6 11.O-O Nbd7 12.b4 a5 13.Rb1 Qe7 14.Qe2 Rfe8 15.Be3 Bc8
16.Rfc1 Nf8 17.f3 Ng6 18.g3 Nh7 19.c5 bxc5 20.bxc5 Rf8 21.Nb5 Ba6 22.cxd6 cxd6
23.a4 Bxb5 24.axb5 Rfc8 25.Rc6 Qf6 26.b6 Ne7 27.b7 Nxc6 28.bxa8=Q Rxa8 29.dxc6
Ng5 30.Bxg5 hxg5 31.c7 Qe7 32.Rb8+ {#r} 1-0

[Event "Ch Russia (seniors)"]
[Site "masterchessopen.com Tula (Russia)"]
[Date "2004.05.12"]
[Round "3"]
[White "Melkonyan Leonard (RUS)"]
[Black "Zhukov Viktor (RUS)"]
[Result "1-0"]
[WhiteElo "2294"]
[BlackElo "2170"]

1.d4 Nf6 2.c4 e6 3.Nc3 Bb4 4.e3 b6 5.Ne2 Bb7 6.a3 Be7 7.d5 a5 8.g3 b5 9.Nf4
bxc4 10.Bxc4 Na6 11.O-O Nc5 12.Re1 e5 13.Nh5 O-O 14.e4 Ba6 15.Nxf6+ Bxf6
16.Bxa6 Rxa6 17.Be3 Be7 18.Na4 Nxa4 19.Qxa4 c5 20.Rac1 Qc8 21.Qb5 d6 22.b4
axb4 23.axb4 Qa8 24.bxc5 {#r} 1-0

[Event "Ch Norway (team) 2003/04 (final)"]
[Site "masterchessopen.com Trondheim (Norway)"]
[Date "2004.05.22"]
[Round "4"]
[White "Mork Kjell-Arne (NOR)"]
[Black "Steedman James (NOR)"]
[Result "0-1"]
[WhiteElo "2292"]
[BlackElo "2214"]

1.d4 Nf6 2.c4 e6 3.Nc3 Bb4 4.e3 b6 5.Ne2 Ne4 6.Qc2 Bb7 7.f3 Nxc3 8.bxc3 Be7
9.e4 Nc6 10.Ng3 Ba6 11.Bd3 Na5 12.Qe2 d6 13.O-O Qd7 14.a4 c5 15.d5 Bf6 16.Ra3
O-O-O 17.f4 Bh4 18.Nh1 g6 19.f5 exf5 20.exf5 Rde8 21.Qg4 Bf6 22.Bh6 Be5 23.Qh4
g5 24.Bxg5 h6 25.Bd2 f6 26.Nf2 Reg8 27.Ng4 Qg7 28.Ne3 h5 29.Ra2 Nb3 30.Qe1 Qg5
31.g3 h4 32.g4 Nxd2 33.Qxd2 Bxc3 34.Qg2 Qxe3+ {#R} 0-1